banner-ar

الاعلام الاسرائيلى فى افريقيا بين الطموح و المواجهة / (Record no. 62040)

MARC details
000 -الفاتح
حقل البيانات ثابتة الطول 01037nam a22002417a 4500
005 - وقت وتاريخ اخر تعامل مع التسجيلة
رقم الضبط 20240530110528.0
008 - عناصر البيانات ثابتة الطول - معلومات عامة
حقل البيانات ثابتة الطول 160310s2013 ua g b 000 0 ara d
017 ## - رقم الايداع القانونى
رقم الايداع القانونى 2012/1976
المصدر ( الهيئة المختصة) مصر . دار الكتب المصرية
020 ## - الرقم الدولى المعيارى للكتب
الرقم الدولى المعيارى للكتاب 9789774102700
040 ## - مصدر الفهرسة
وكالة الفهرسة الأصلية EG-CaGPL
082 04 - رقم تصنيف ديوى العشرى
رقم الطبعة 21
رقم التصنيف 302.2309569\
رقم المادة ع إ
100 0# - المدخل الرئيسى - إسم شخصى
الإسم الشخصى عبدالهادى احمد النجار
245 12 - بيان العنوان
العنوان الاعلام الاسرائيلى فى افريقيا بين الطموح و المواجهة /
بيان المسئوليه,etc عبدالهادى احمد النجار
250 ## - بيان الطبعة
بيان الطبعة ط1
260 ## - PUBLICATION, DISTRIBUTION, ETC. (IMPRINT)
تاريخ النشر أو التوزيع 2013 .
300 ## - الوصف المادى
التعداد 286 ص ؛
أبعاد الوعاء 24 سم .
504 ## - تبصرة ببليوجرافية
تبصرة ببليوجرافية,الخ يشتمل على ارجاعات ببليوجرافية
650 04 - المدخل الاضافى بالموضوع-مصطلح موضوعى
مصطلح موضوعي الاعلام
التقسيم الفرعي الجغرافي اسرائيل
651 04 - المدخل الاضافى بالموضوع - اسم جغرافى
مصدر الرأس أو المصطلح اسرائيل
التقسيم الفرعي العام العلاقات الخارجية
التقسيم الفرعي الجغرافي افريقيا
651 04 - المدخل الاضافى بالموضوع - اسم جغرافى
الاسم الجغرافي افريقيا
التقسيم الفرعي العام العلاقات الخارجية
التقسيم الفرعي الجغرافي اسرائيل
942 ## - عناصر المدخل الإضافي( كوها)
مصدر التصنيف او مخطط الترفيف Dewey Decimal Classification
Koha [default] item type كتاب
260 ## - PUBLICATION, DISTRIBUTION, ETC. (IMPRINT)
-- القاهرة :
-- المكتبة العصرية للنشر و التوزيع ،
Holdings
حالة التراجع حالة الفقد حالة تلف ليس للاعارة المكان المؤقت الموقع الحالى تاريخ الاكتساب اجمالي اﻻعارات رقم الطلب الباركود تاريخ اخر مشاهدة تاريخ تفعيل السعر نوع وعاء كوها
        مكتبة القاهرة الكبرى مكتبة القاهرة الكبرى 03/10/2016   302.2309569\ ع إ 161534 03/10/2016 03/10/2016 كتاب

Powered By

EGPV